|
|
|
|
| LEADER |
01201nam a22003612a 4500 |
| 001 |
001373413 |
| 003 |
CZ BrMZK |
| 005 |
20140325103356.0 |
| 007 |
ta |
| 008 |
140312s1961 gw f er|||||||||||ger d |
| 040 |
|
|
|a ABA009
|b cze
|d BOA001
|
| 080 |
|
|
|a 712
|2 MRF-sel
|
| 100 |
1 |
|
|a Joachim, Hans Friedrich
|4 aut
|
| 245 |
1 |
0 |
|a Flurholzanbau - Schutzpflanzungen /
|c von Hans Friedrich Joachim, Albrecht Krummsdorf, Hermann Göritz
|
| 260 |
|
|
|a Berlin :
|b Deutscher Landwirtschaftsverlag,
|c 1961
|
| 300 |
|
|
|a 170 s., příl. +
|e 1 plán
|
| 504 |
|
|
|a Obsahuje bibliografii
|
| 650 |
0 |
7 |
|a břehy
|2 czenas
|
| 650 |
0 |
7 |
|a dřeviny
|2 czenas
|
| 650 |
0 |
7 |
|a keře
|2 czenas
|
| 650 |
0 |
7 |
|a krajinné plánování
|2 czenas
|
| 650 |
0 |
7 |
|a ochrana půdy
|2 czenas
|
| 650 |
0 |
7 |
|a ochranné lesní pásy
|2 czenas
|
| 650 |
0 |
7 |
|a pěstování
|2 czenas
|
| 650 |
0 |
7 |
|a liniová zeleň
|2 czenas
|
| 650 |
0 |
7 |
|a stromy
|2 czenas
|
| 650 |
0 |
7 |
|a větrolamy
|2 czenas
|
| 700 |
1 |
|
|a Göritz, Hermann,
|d 1902-1998
|7 mzk2012738695
|4 aut
|
| 700 |
1 |
|
|a Krummsdorf, Albrecht
|4 aut
|
| 910 |
|
|
|a BOA001
|b 2-0498.000
|
| 990 |
|
|
|a BK
|
| 991 |
|
|
|b 201403
|
| 996 |
7 |
|
|b 2619051349
|c 2-0498.000
|l MZK
|r Sklad / do 24 hodin
|n 0
|w 001408422
|u 000010
|a 1
|e BOA001
|j MZK50
|s A
|